00989 2200361 4500001002100000005001500021035002000036007000300056040001700059100002600076245004200102300003400144020002200178041000800200082001000208090001900218264003900237336002100276337003000297338002300327650002100350850001000371008004100381084001600422250001200438504003100450500003100481500003200512700002900544990001800573990001800591990001800609INLIS00000000000516520260515014313 a0010-0222000255ta aSBPUPADbind0 aAkmal HawiePengarang1 aDasar-Dasar Studi Islam /cAkmal Hawi axii,214 hlm. :bIlus ;c21 cm a978-979-769-710-50 aind a297.1 a297 MOE k 2-22 a.--Jakarta :bRajawali Pers,c2014 2rdacontentaTeks 2rdamediaaTanpa Perantara 2rdacarrieraVolume 4aPendidikan Islam aPUPAD260515 0  a297.1 AKM d a.-Cet 1 aDaftar Pustaka hal 207-212 aDaftar Pustaka hal 207-212 aBiodata Penulis Hal 213-2140 aH. Akmal HawiePengarang a14284/BR/2014 a14283/BR/2014 a14285/BR/2014